000 00594cam a2200181 4500
020 _a0721008143
082 0 0 _a624.18341
_bREY
_cL-38, P-77
100 1 _aReynolds, Charles E.
_943177
245 1 0 _aReinforced concrete designer's handbook,
_cby Chas E. Reynolds.
250 _a7th ed.
260 _aLondon,
_bCement and Concrete Association,
_c1971.
300 _avi, 362 p.
_billus.
_c24 cm.
490 0 _aConcrete series
526 _a0
_b0
_c0
_d624_183410000000000_REY
650 0 _aMCE
_9379
650 0 _aReinforced concrete construction
_xHandbooks, manuals, etc.
_913093
942 _2ddc
_cBK
999 _c547049
_d547049